Normal view
MARC view
- Merritt, Lynne L.
Entry Personal Name
001 - CONTROL NUMBER
- control field: 100009
003 - CONTROL NUMBER IDENTIFIER
- control field: NUST
005 - DATE AND TIME OF LATEST TRANSACTION
- control field: 20221012124758.0
008 - FIXED-LENGTH DATA ELEMENTS
- fixed length control field: 221012|| aca||aabn | a|a d
040 ## - CATALOGING SOURCE
- Original cataloging agency: NUST
- Transcribing agency: NUST
100 ## - HEADING--PERSONAL NAME
- Personal name: Merritt, Lynne L.
- Dates associated with a name: 1915-2001
670 ## - SOURCE DATA FOUND
- Source citation: Work cat.: (NUST)183609: Willard, Hobart H. 100007, Instrumental methods of analysis /, [1974]
